| 000 | 00433nam a2200181Ia 4500 | ||
|---|---|---|---|
| 001 | 20226 | ||
| 005 | 20260306172750.0 | ||
| 008 | 260306t2016||||xx |||||||||||||| ||spa|| | ||
| 041 | _aESP | ||
| 082 |
_a343 _bQ48 T. 1 2016 |
||
| 100 |
_aQuímper, José María _eAUT |
||
| 245 | 0 | _aDerecho político general | |
| 260 | _c2016 | ||
| 300 |
_a501 páginas : _c22 cm. |
||
| 650 | _aGEN | ||
| 654 | _aCDE | ||
| 942 |
_cLIB _dJUS _fJUS _2ddc _n |
||
| 999 |
_c20226 _d20226 |
||